South-east housing plans (Record no. 62772)
[ view plain ]
| 000 -LEADER | |
|---|---|
| fixed length control field | 01057cam a2200289 4500 |
| 001 - CONTROL NUMBER | |
| control field | WB3610-20 |
| 008 - FIXED-LENGTH DATA ELEMENTS--GENERAL INFORMATION | |
| fixed length control field | 000000n2000 000 0 eng u |
| 035 ## - SYSTEM CONTROL NUMBER | |
| System control number | (Sirsi) u104619 |
| 245 ## - TITLE STATEMENT | |
| Title | South-east housing plans |
| 260 ## - PUBLICATION, DISTRIBUTION, ETC. | |
| Date of publication, distribution, etc. | 2000 |
| 490 ## - SERIES STATEMENT | |
| Series statement | Financial Times |
| Volume/sequential designation | 6 March 2000, 6 |
| 490 ## - SERIES STATEMENT | |
| Series statement | Times |
| Volume/sequential designation | 6 March 2000, 6 |
| 490 ## - SERIES STATEMENT | |
| Series statement | Times |
| Volume/sequential designation | 8 March 2000, 4 |
| 490 ## - SERIES STATEMENT | |
| Series statement | Herald |
| Volume/sequential designation | 8 March 2000, 10(5) |
| 520 ## - SUMMARY, ETC. | |
| Summary, etc. | John Prescott has announced plans to build over 800,000 houses in the next 20 years instead of the proposed 1.1m. Plans also propose a greater number of terraced houses, to increase housing density, and a figure of 60% of new houses built on brownfield sites. The announcement has sparked calls in Scotland for a debate on new housing. |
| 590 ## - LOCAL NOTE (RLIN) | |
| Local note | WB |
| 650 ## - SUBJECT ADDED ENTRY--TOPICAL TERM | |
| Topical term or geographic name entry element | SOUTH-EAST |
| 650 ## - SUBJECT ADDED ENTRY--TOPICAL TERM | |
| Topical term or geographic name entry element | TERRACED HOUSES |
| 650 ## - SUBJECT ADDED ENTRY--TOPICAL TERM | |
| Topical term or geographic name entry element | DEVELOPMENT |
| 650 ## - SUBJECT ADDED ENTRY--TOPICAL TERM | |
| Topical term or geographic name entry element | BUILT ENVIRONMENT |
| 650 ## - SUBJECT ADDED ENTRY--TOPICAL TERM | |
| Topical term or geographic name entry element | NEW HOUSES |
| 650 ## - SUBJECT ADDED ENTRY--TOPICAL TERM | |
| Topical term or geographic name entry element | FORECASTS |
| 650 ## - SUBJECT ADDED ENTRY--TOPICAL TERM | |
| Topical term or geographic name entry element | SCOTLAND |
| 650 ## - SUBJECT ADDED ENTRY--TOPICAL TERM | |
| Topical term or geographic name entry element | HOUSING DENSITY |
| 690 ## - LOCAL SUBJECT ADDED ENTRY--TOPICAL TERM (OCLC, RLIN) | |
| Topical term or geographic name as entry element | HOUSING-DEVELOPMENT |
| 942 ## - ADDED ENTRY ELEMENTS (KOHA) | |
| Suppress in OPAC | 0 |
| Withdrawn status | Lost status | Source of classification or shelving scheme | Damaged status | Not for loan | Home library | Current library | Shelving location | Date acquired | Total Checkouts | Full call number | Barcode | Date last seen | Copy number | Price effective from | Koha item type |
|---|---|---|---|---|---|---|---|---|---|---|---|---|---|---|---|
| Dewey Decimal Classification | London | London | News article | 07/03/2000 | WB3610-20 | 104619-1001 | 06/08/2019 | 1 | 06/08/2019 | News article |